La négociation commerciale en pratique

Salvato in:
Dettagli Bibliografici
Autore principale: David, Patrick
Natura: Libro
Lingua:francese
Pubblicazione: Paris EYROLLES 2008
Edizione:4e éd.
Serie:Livres outils
Soggetti:
Tags: Aggiungi Tag
Nessun Tag, puoi essere il primo ad aggiungerne!!

MARC

LEADER 00000nam$a2200000$$$4500
001 0082449
005 20240314093042.6
020 |a 978-2-212-54118-2 
041 0 |a fre 
044 |a FR 
245 1 0 |a La négociation commerciale en pratique  |c Patrick David 
250 |a 4e éd. 
264 1 |a Paris  |b EYROLLES  |c 2008 
300 |a 238 s. 
490 1 |a Livres outils 
830 0 |a Livres outils 
610 2 0 |a obchod 
610 2 0 |a vyjednávanie 
610 2 0 |a komunikácia 
610 2 0 |a zručnosti 
610 2 0 |a metódy 
610 2 0 |a motivácia 
610 2 0 |a technika obchodná 
610 2 0 |a stratégia obchodná 
610 2 0 |a psychológia 
610 2 0 |a teória a prax 
100 1 |a David, Patrick